Bảo vệ quyền trẻ em trong luật pháp quốc tế và luật pháp VN /

Nhưng van de li luan cơ ban ve quyen tre em.

Сохранить в:
Библиографические подробности
Главный автор: Nguyễn Nhật Nguyên Sa
Формат: Luận văn
Язык:Vietnamese
Опубликовано: ĐHĐN - Trương ĐH ngoai ngư
Предметы:
Метки: Добавить метку
Нет меток, Требуется 1-ая метка записи!
Thư viện lưu trữ: Mạng thư viện Đại học Đà Nẵng
LEADER 01602na a2200373 4500
001 000031291
003 5930
005 20230406160616.0
008 151001s2013 000 vie
040 |a LNN 
041 |a vie 
082 |a 959.73  |b NG-S 
100 |a Nguyễn Nhật Nguyên Sa 
245 0 |a Bảo vệ quyền trẻ em trong luật pháp quốc tế và luật pháp VN /  |c Nguyễn Nhật Nguyên Sa. 
246 |a Luan văn tot nghiep 
260 |c ĐHĐN - Trương ĐH ngoai ngư  |C 2013 
300 |a 30cm  |a 86 tr;. 
502 |a Luan văn sinh vien 
505 |a Chuyen nghanh Quoc te hoc 
520 |a Nhưng van de li luan cơ ban ve quyen tre em.  |x Cac qui dinh luat phap quoc te va luat phap VN trong viec bao ve quyen tre em.  |y Thưc trang bao ve quyen tre em va mot so kien nghi gop phan tăng cương cong tac bao ve quyen tre em tai Viet nam. 
650 |a Bao ve quyen tre em  |a Luat phap quoc te  |y Luat phap VN 
653 |a Nguyễn Nhật Nguyên Sa, 2013, Nguyễn Nhật Nguyên Sa, Luật, 
852 |b Luận văn sinh viên  |c Khoa Quoc te hoc 
OWN |a LNN 
AVA |a UDN50  |b LNN  |d 959.73 NG-S  |e available  |t Error 5001 Not defined in file expand_doc_bib_avail.  |f 3  |g 0  |h N  |i 0 
999 |a From the UDN01 
AVA |a UDN50  |b LNN  |d 959.73 NG-S  |e available  |t Error 5001 Not defined in file expand_doc_bib_avail.  |f 3  |g 0  |h N  |i 0 
TYP |a Dissertation 
TYP |a Printed language 
980 |a Mạng thư viện Đại học Đà Nẵng